000 00632pam a2200253 i 4500
001 8280
003 BD-RjUL
005 20211208234546.0
008 140118s1979 nyua 001 0 eng d
020 _a0023894601
035 _a(BD-RjUL)8325
040 _aDLC
_cDLC
_dDLC
_d(BD-RjUL)
_beng
041 _aeng
082 0 0 _a530
_bORP
100 1 _aOrear, Jay.
_925824
245 1 0 _aPhysics /
_cJay Orear.
260 _aNew York :
_bMacmillan,
_cc1979.
300 _axvi, 752 p. :
_bill. ;
_c24 cm.
500 _aIncludes index.
650 0 _aPhysics.
_925825
942 _2ddc
_cBK
999 _c8280
_d8280